Visualizzazione normale
Vista MARC
- Boffi Pietro, Nicolli Sergio
di Personal Name
Records bibliografici associati: 1
001 - CONTROL NUMBER
- control field: 60633
003 - CONTROL NUMBER IDENTIFIER
- control field:
005 - DATE AND TIME OF LATEST TRANSACTION
- control field: 20240416174441.0
008 - FIXED-LENGTH DATA ELEMENTS
- fixed length control field: 240416|| aca||aabn | a|a d
040 ## - CATALOGING SOURCE
- Original cataloging agency:
- Transcribing agency:
100 ## - HEADING--PERSONAL NAME
- Personal name: Boffi Pietro, Nicolli Sergio
670 ## - SOURCE DATA FOUND
- Source citation: Work cat.: ()221041: Boffi Pietro, Nicolli Sergio, Bilancio di famiglia, 2003